Представление документа в формате MARC21

Поле Инд. ПП Название Значение
Тип записи a
Библиографический уровень b
001 Контрольный номер RU/IS/BASE/290105103
005 Дата корректировки 20200630193156.3
008 Кодируемые данные 20090311
040 b Код языка каталог. rus
e Правила каталог. PSBO
041 0_ a Код языка текста rus
084 a Индекс другой классификации/Индекс ББК 83.011.6; 83.011.7
100 1_ a Автор Татару Л. В.
245 10 a Заглавие Пространственная точка зрения и структура повествовательного текста: лингво-когнитивный аспект
650 04 a Основная рубрика литературоведение
a Основная рубрика теория литературы
a Основная рубрика филологические науки
a Основная рубрика поэтика
653 0_ a Ключевые слова английский язык
a Ключевые слова диктема
a Ключевые слова композиция текста
a Ключевые слова композиция художественного текста
a Ключевые слова лингвистика текста
a Ключевые слова повествовательный текст
a Ключевые слова повествовательный художественный текст
a Ключевые слова пространственная структура текста
a Ключевые слова ритм текста
a Ключевые слова сверхфразовое единство
a Ключевые слова семантика текста
a Ключевые слова структура художественного текста
a Ключевые слова точка зрения
a Ключевые слова фокализация
773 08 t Заглавие источника Филологические науки
d Дата издания источника 2008
g Прочая информация № 1. - С. 35 - 45
w Контрольный № источника RU/IS/BASE/256826202
901 t Тип документа b